| 000 | 00837cam a22002897a 4500 | ||
|---|---|---|---|
| 003 | CHAP | ||
| 005 | 20220329141637.0 | ||
| 008 | 971013s1971 r 00010 d | ||
| 010 | _a71563 | ||
| 011 | _a72535 | ||
| 035 | _a82091 | ||
| 040 | _cCHAP | ||
| 082 |
_a330 _bD3 |
||
| 100 | 0 | 0 |
_aDavis, J. Ronnie. _931270 |
| 245 | 1 | 4 | _aThe new economics and the old economists |
| 260 |
_aAmes : _bIowa State University, _c1971 |
||
| 300 | _a170 p. | ||
| 590 |
_aBATCH-UPD _b10 _c20130110 _lUCH01 _h0623 |
||
| 590 |
_aBATCH-UPD _b10 _c20130410 _lUCH01 _h0306 |
||
| 590 |
_aBATCH-UPD _b10 _c20130914 _lUCH01 _h1137 |
||
| 590 |
_aCONVERSION _b10 _c20130109 _lUCH01 _h1339 |
||
| 650 | 1 | 4 |
_aEconomÃa. _935226 |
| 650 | 1 | 4 |
_aEconomistas. _935224 |
| 901 | _aBK | ||
| 942 | _cLIBRO | ||
| 949 |
_a330 D3 _bBC _cLIBRO _d33724000311205 _eLIBRO _h33680 _i82091 _si |
||
| 999 |
_c71563 _d71563 |
||